| 000 | 007150000a22002050004500 | ||
|---|---|---|---|
| 020 | _a958-9039-30-8 | ||
| 041 | 0 | _aSPA | |
| 082 | 0 | 4 | _aG 109 D9774i |
| 100 | 1 | _aDussel, Enrique D. (1934-) | |
| 245 | 1 | 0 | _aHistoria de la filosofía latinoamericana y filosofía de la liberación / Enrique Dussel |
| 260 | _aBogotá, Colombia : Nueva América | ||
| 300 | _a322 Pag. | ||
| 505 | 0 | 0 | _aensayos de la historia de la filosofía y la filosofía de la liberación -- estudios sobre Marx -- antiguos trabajos inéditos |
| 650 | 1 | 4 | _aFILOSOFIA - HISTORIA - AMERICA LATINA |
| 001 | 598 | ||
| 942 | _cBK | ||
| 999 |
_c32107 _d32107 |
||
| 336 |
_atexto _btxt _2rdacontent |
||
| 337 |
_2rdamedia _asin mediación _bn |
||
| 338 |
_2rdacarrier _avolumen _bnc |
||